000 00373 a2200169 4500
001 182885
020 _a85-349-0583-5
040 _cMagnum
100 _aBalzac, Honore de
240 1 0 _aUma paixão no deserto
_lpor
245 1 0 _aUma paixão no deserto
300 _a97
362 0 _a1988
440 1 _aPaulus
697 _aLITERATURA GERAL ESTRANGEIRA
942 _cBK
999 _c182885
_d182885